000 00572nam a22001817a 4500
003 OSt
005 20251007032829.0
008 251007b |||||||| |||| 00| 0 eng d
020 _a81-7109-359-0
040 _aDWCL-Main lib
_cOC
082 _aCirc. 271.97 J75 1983
100 _aJoly, E. Le
245 _aMother Teresa :
_bmessenger of God's love
_cE. LE JOLY
260 _aBandra, Mumba :
_b St. Pauls,
_cc1983
300 _a246 pages :
_c21 cm.
650 _2Teresa, mother
942 _2ddc
_cBK-CIRC
_hCirc. 271.97 J75 1983
_kCirc.
_n0
999 _c4675
_d4675